书目信息 |
| 题名: |
新一代视频压缩编码标准——H.264/AVC
|
|
| 作者: | 毕厚杰 主编 | |
| 分册: | ||
| 出版信息: | 北京 人民邮电出版社 2005.05 |
|
| 页数: | 282页 | |
| 开本: | 26cm | |
| 丛书名: | ||
| 单 册: | ||
| 中图分类: | TN919.81 | |
| 科图分类: | TN919.81 | |
| 主题词: | 视频信号-数据压缩 , 图象通信 | |
| 电子资源: | ||
| ISBN: | 7-115-13064-7 | |
| 000 | 00658nam0 2200217 450 | |
| 001 | 0650706313 | |
| 005 | 20080303161741.92 | |
| 010 | @a7-115-13064-7@dCNY 36.00 | |
| 100 | @a20060824d2005 km y0chiy0120 ea | |
| 101 | 0 | @achi |
| 102 | @aCN@b110000 | |
| 200 | 1 | @a新一代视频压缩编码标准——H.264/AVC@Axin yi dai shi pin ya suo bian ma biao zhun——H.264/AVC@f毕厚杰主编@Fbi hou jie zhu bian |
| 210 | @a北京@c人民邮电出版社@d2005.05 | |
| 215 | @a282页@d26cm | |
| 606 | 0 | @a视频信号-数据压缩 |
| 606 | 0 | @a图象通信 |
| 690 | @aTN919.81@v4 | |
| 692 | @aTN919.81 | |
| 701 | 0 | @a毕厚杰@Abi hou jie@4主编 |
| 801 | 0 | @aCN@c20080303 |
| 905 | @apdsgxy@dTN919.81@eB756 | |
| 新一代视频压缩编码标准——H.264/AVC/毕厚杰主编.-北京:人民邮电出版社,2005.05 |
| 282页;26cm |
| ISBN 7-115-13064-7:CNY 36.00 |
| ● |
| 相关链接 |
|
|
|
正题名:新一代视频压缩编码标准——H.264/AVC
索取号:TN919.81/B756
 
预约/预借
| 序号 | 登录号 | 条形码 | 馆藏地/架位号 | 状态 | 备注 |
| 1 | 479270 | 204792705 | 期刊室512/ [索取号:TN919.81/B756] | 在馆 | |
| 2 | 609311 | 206093118 | 自科库301/404自科库 19排6列1层/ [索取号:TN919.81/B756] | 在馆 | |
| 3 | 609312 | 206093127 | 自科库301/301自科库 998排9列2层/ [索取号:TN919.81/B756] | 在馆 | |
| 4 | 609313 | 206093136 | 自科库301/301自科库 998排9列2层/ [索取号:TN919.81/B756] | 在馆 |